Central Library OPAC University of Rajshahi

Society : (Record no. 33144)

MARC details
000 -LEADER
fixed length control field 00761nam a22002531 4500
001 - CONTROL NUMBER
control field 33144
003 - CONTROL NUMBER IDENTIFIER
rucl marc code BD-RjUL
005 - DATE AND TIME OF LATEST TRANSACTION
control field 20211209051944.0
008 - FIXED-LENGTH DATA ELEMENTS--GENERAL INFORMATION
fixed length control field 140430s1962 u b 001 0 eng
035 ## - SYSTEM CONTROL NUMBER
System control number (BD-RjUL)33235
System control number (OCoLC)522966
040 ## - CATALOGING SOURCE
Original cataloging agency DLC
Transcribing agency OAU
Modifying agency OCoLC
-- NSyU
-- DLC
-- BD-RjUL
Language of cataloging eng
041 ## - LANGUAGE CODE
Language code of text/sound track or separate title eng
082 ## - DEWEY DECIMAL CLASSIFICATION NUMBER
Classification number 301.08
Author mark and year SOC 1962
245 10 - TITLE STATEMENT
Title Society :
Remainder of title problems and methods of study /
Statement of responsibility, etc. Edited by A. T. Welford ...[et al. ]
260 ## - PUBLICATION, DISTRIBUTION, ETC. (IMPRINT)
Place of publication, distribution, etc. London :
Name of publisher, distributor, etc. Routledge & K. Paul,
Date of publication, distribution, etc. c1962.
300 ## - PHYSICAL DESCRIPTION
Pagination vi, 586 p. :
Illustrations ill ;
Size 23 cm.
504 ## - BIBLIOGRAPHY, ETC. NOTE
Bibliography, etc Includes bibliographies and index.
650 #0 - SUBJECT ADDED ENTRY--TOPICAL TERM
Topical term or geographic name as entry element Sociology.
9 (RLIN) 100678
700 ## - ADDED ENTRY--PERSONAL NAME
Personal name Welford, A. T.
Fuller form of name (Alan Traviss)
942 ## - ADDED ENTRY ELEMENTS (KOHA)
Source of classification or shelving scheme Dewey Decimal Classification
Koha item type Books
Holdings
Lost status Source of classification or shelving scheme Damaged status Not for loan Collection code Permanent Location Current Location Shelving location Date acquired Source of acquisition Cost, normal purchase price Total Checkouts Full call number Date last seen Copy number Koha item type Coded location qualifier
  Dewey Decimal Classification   Not For Loan Non-fiction Central Library, University of Rajshahi Central Library, University of Rajshahi Reading Room 24/06/1965 Euro Pak. 40.00   301.08 SOC 1962 30/04/2014 C-1 Books  
  Dewey Decimal Classification     Non-fiction Central Library, University of Rajshahi Central Library, University of Rajshahi   09/03/1966 Zeitlinger 0.00   301.08 SOC 1962 30/04/2014 C-2 Books  
  Dewey Decimal Classification     Non-fiction Central Library, University of Rajshahi Central Library, University of Rajshahi   29/06/1965 Euro-Pak 40.62   301.08 SOC 1962 30/04/2014 C-3 Books  
  Dewey Decimal Classification     Non-fiction Central Library, University of Rajshahi Central Library, University of Rajshahi   05/02/1955 sweets & zeithinger 50.00   301.08 SOC 1962 06/08/2015 C-4 Books  
  Dewey Decimal Classification     Non-fiction Central Library, University of Rajshahi Central Library, University of Rajshahi   29/05/1965 Euro pakeslam 40.62   301.08 SOC 1962 01/08/2016 C-5 Books
  Dewey Decimal Classification     Non-fiction Central Library, University of Rajshahi Central Library, University of Rajshahi   29/05/1965 Euro book 40.62   301.08 SOC 1962 18/12/2016 c-6 Books